Gu dai li shi wen hua yan jiu ji kan. Er bian /
Saved in:
| Other Authors: | |
|---|---|
| Format: | Book |
| Language: | Chinese |
| Published: |
Taibei Xian Yonghe Shi :
Hua Mulan wen hua chu ban she,
2009.
|
| Edition: | Chu ban. |
| Subjects: | |
| Tags: |
Add Tag
No Tags, Be the first to tag this record!
|
| LEADER | 00967nam a2200301Ia 4500 | ||
|---|---|---|---|
| 001 | 012068043-2 | ||
| 005 | 20120719140518.0 | ||
| 008 | 100204s2009 ch 000 0 chi d | ||
| 035 | 0 | |a ocn607086634 | |
| 035 | 0 | |a ocn503456085 | |
| 040 | |a HMY |c HMY | ||
| 043 | |a a-cc--- | ||
| 090 | |a DS735 |b .G775 ser.2 | ||
| 245 | 0 | 0 | |6 880-01 |a Gu dai li shi wen hua yan jiu ji kan. |n Er bian / |c Wang Mingsun zhu bian. |
| 250 | |6 880-02 |a Chu ban. | ||
| 260 | |6 880-03 |a Taibei Xian Yonghe Shi : |b Hua Mulan wen hua chu ban she, |c 2009. | ||
| 300 | |a 30 v. ; |c 27 cm. | ||
| 651 | 0 | |a China |x History. | |
| 651 | 0 | |a China |x Civilization. | |
| 650 | 0 | |a Philosophy, Chinese. | |
| 700 | 1 | |6 880-04 |a Wang, Mingsun. | |
| 880 | 0 | 0 | |6 245-01 |a 古代歷史文化研究輯刊. |n 二編 / |c 王明蓀主編. |
| 880 | |6 250-02 |a 初版. | ||
| 880 | |6 260-03 |a 台北縣永和市 : |b 花木蘭文化出版社, |c 2009. | ||
| 880 | 1 | |6 700-04 |a 王明蓀. | |
| 988 | |a 20090901 | ||
| 049 | |a HMYC |o d | ||
| 906 | |0 MH | ||


